000 00503nam a2200193 i 4500
001 bg
100 1 _aSTEUP, Herbert
245 1 0 _aStabilitatstheorie im Bauwesen /
_cHerbert Steup.
260 _aBerlin :
_bErnst & Sohn,
_c1990.
650 9 _aBudownictwo
_xmechanika
_xteoria
650 9 _aStateczność
_xteoria
020 _a3433011664
040 _cBPK
041 _apol
080 _a624.01/.07:539.3/.6
920 _a3-433-01166-4
942 _cKS
008 s pl f |000 0 pol
999 _c29568
_d29568
856 _uhttp://koha.tu.koszalin.pl/cgi-bin/koha/opac-detail.pl?biblionumber=29568
_yKatalog online BPK